Score 0/25 Timer 15:00
0 Plays Today
% Correct
The Jungle Book
85.7%
How I Met Your Mother
85.7%
The A-Team
66.7%
South Park
61.9%
That 70's Show
52.4%
Taken
47.6%
Bonanza
47.6%
Teenage Mutant Ninja Turtles
42.9%
Dragon Ball Z
38.1%
Who Framed Roger Rabbit
38.1%
Animal House
33.3%
Newsradio
33.3%
The Simpsons
28.6%
% Correct
The Shawshank Redemption
28.6%
Danny Phantom
28.6%
Parks & Recreation
23.8%
The Simpsons
23.8%
Sonic The Hedgehog
23.8%
Gargoyles
23.8%
The Dick Van Dyke Show
23.8%
The Expendables
9.5%
The Sandlot
9.5%
Treasure Island
4.8%
All That
4.8%
Still Standing
0%
Remove Ads.
Support Sporcle.
Get the best of Sporcle when you Go Orange. This ad-free experience offers more features, more stats, and more fun while also helping to support Sporcle. Thank you for becoming a member.

You're not logged in!

Compare scores with friends on all Sporcle quizzes.
OR
Log In

Show Comments

Extras

Top Quizzes Today


Score Distribution

Your Account Isn't Verified!

In order to create a playlist on Sporcle, you need to verify the email address you used during registration. Go to your Sporcle Settings to finish the process.

Report this User

Report this user for behavior that violates our Community Guidelines.

Details: